| 000 | 00635nam a22002417a 4500 | ||
|---|---|---|---|
| 003 | UA-OsUOA | ||
| 001 | 32155 | ||
| 007 | ta | ||
| 008 | 20050124b un ||||| |||| 00| 0 ukr d | ||
| 100 | _aКорнеева А. И. | ||
| 090 |
_a141.82 _bК67 |
||
| 942 | _cBK | ||
| 040 |
_aUA-OsUOA _brus _cUA-OsUOA _dUA-OsUOA |
||
| 245 | _aЛенинская критика махизма и борьба против современного идеализма | ||
| 300 | _a240 с. | ||
| 955 | _a0 | ||
| 041 | _arus | ||
| 080 | _a141.82 | ||
| 260 |
_aМосква _bМысль _c1971 |
||
| 044 | _aRU | ||
| 650 | 7 | _2UDC | |
| 999 |
_c318593 _d318593 |
||